<?xml version="1.0" encoding="UTF-8"?>
<record
    xmlns:xsi="http://www.w3.org/2001/XMLSchema-instance"
    xsi:schemaLocation="http://www.loc.gov/MARC21/slim http://www.loc.gov/standards/marcxml/schema/MARC21slim.xsd"
    xmlns="http://www.loc.gov/MARC21/slim">

  <leader>01346nam a2200349 i 4500</leader>
  <controlfield tag="001">768714001</controlfield>
  <controlfield tag="003">CO-MdFUSB</controlfield>
  <controlfield tag="005">20260417172130.0</controlfield>
  <controlfield tag="007">ta</controlfield>
  <controlfield tag="008">241001t1992    sp ||||| |||| 001 0 spa d</controlfield>
  <datafield tag="020" ind1=" " ind2=" ">
    <subfield code="a">8430111832</subfield>
  </datafield>
  <datafield tag="040" ind1=" " ind2=" ">
    <subfield code="b">spa.</subfield>
    <subfield code="a">CO-MdFUSB</subfield>
    <subfield code="c">CO-MdFUSB</subfield>
    <subfield code="d">CO-MdFUSBC</subfield>
    <subfield code="e">rda</subfield>
  </datafield>
  <datafield tag="041" ind1=" " ind2=" ">
    <subfield code="a">spa</subfield>
  </datafield>
  <datafield tag="082" ind1=" " ind2=" ">
    <subfield code="2">23</subfield>
    <subfield code="a">222</subfield>
    <subfield code="b">EC19</subfield>
  </datafield>
  <datafield tag="100" ind1=" " ind2=" ">
    <subfield code="a">Morla Asensio, Victor,</subfield>
    <subfield code="e">autor</subfield>
  </datafield>
  <datafield tag="245" ind1="0" ind2=" ">
    <subfield code="a">Eclesi&#xE1;stico : </subfield>
    <subfield code="b">texto y comentario</subfield>
    <subfield code="c">/ Victor Morla Asensio</subfield>
  </datafield>
  <datafield tag="264" ind1=" " ind2="1">
    <subfield code="a">Salamanca, Espa&#xF1;a : </subfield>
    <subfield code="b">La casa de la Biblia,</subfield>
    <subfield code="c">[1992]</subfield>
  </datafield>
  <datafield tag="264" ind1=" " ind2="4">
    <subfield code="c">&#xA9;1992</subfield>
  </datafield>
  <datafield tag="300" ind1=" " ind2=" ">
    <subfield code="a">246 p&#xE1;ginas</subfield>
    <subfield code="c">;17 cm</subfield>
  </datafield>
  <datafield tag="336" ind1=" " ind2=" ">
    <subfield code="2">rdacontent</subfield>
    <subfield code="a">texto</subfield>
    <subfield code="b">txt</subfield>
  </datafield>
  <datafield tag="337" ind1=" " ind2=" ">
    <subfield code="2">rdamedia</subfield>
    <subfield code="a">sin mediaci&#xF3;n</subfield>
    <subfield code="b">n</subfield>
  </datafield>
  <datafield tag="338" ind1=" " ind2=" ">
    <subfield code="2">rdacarrier</subfield>
    <subfield code="a">volumen</subfield>
    <subfield code="b">nc</subfield>
  </datafield>
  <datafield tag="490" ind1=" " ind2=" ">
    <subfield code="a">Mensaje del Antiguo Testamento</subfield>
  </datafield>
  <datafield tag="500" ind1=" " ind2=" ">
    <subfield code="a">Incluye &#xED;ndice.  Texto b&#xED;blico aprobado por la Conferencia Episcopal Espa&#xF1;ola</subfield>
  </datafield>
  <datafield tag="505" ind1=" " ind2=" ">
    <subfield code="a">Naturaleza y beneficios de la sabidur&#xED;a (eclo 11-23 27). -- Excelencia y postulados sociales de la sabidur&#xED;a (eclo 24 1-42 14). -- La sabidur&#xED;a en la naturaleza y en la historia (eclo 42 15-50 29). -- Ap&#xE9;ndices (eclo 51 1-30).</subfield>
  </datafield>
  <datafield tag="563" ind1=" " ind2=" ">
    <subfield code="a">R&#xFA;stica</subfield>
  </datafield>
  <datafield tag="653" ind1=" " ind2=" ">
    <subfield code="a">Biblia. Eclesi&#xE1;stico &#x2014; Comentarios </subfield>
  </datafield>
  <datafield tag="653" ind1=" " ind2=" ">
    <subfield code="a">Libros deuterocan&#xF3;nicos &#x2014; Comentarios</subfield>
  </datafield>
  <datafield tag="653" ind1=" " ind2=" ">
    <subfield code="a">Sabidur&#xED;a &#x2014; Literatura b&#xED;blica</subfield>
  </datafield>
  <datafield tag="942" ind1=" " ind2=" ">
    <subfield code="c">BK</subfield>
  </datafield>
  <datafield tag="945" ind1=" " ind2=" ">
    <subfield code="a">Catherine Arias Alvarez</subfield>
  </datafield>
  <datafield tag="952" ind1=" " ind2=" ">
    <subfield code="0">0</subfield>
    <subfield code="1">0</subfield>
    <subfield code="2">ddc</subfield>
    <subfield code="3">0</subfield>
    <subfield code="4">0</subfield>
    <subfield code="7">0</subfield>
    <subfield code="8">GEN</subfield>
    <subfield code="a">FUSBC</subfield>
    <subfield code="b">FUSBC</subfield>
    <subfield code="d">2024-10-01</subfield>
    <subfield code="l">0</subfield>
    <subfield code="o">G 222 EC19e</subfield>
    <subfield code="p">25069</subfield>
    <subfield code="r">2024-10-01 00:00:00</subfield>
    <subfield code="t">Ej. 1</subfield>
    <subfield code="w">2024-10-01</subfield>
    <subfield code="y">BK</subfield>
    <subfield code="B">0</subfield>
  </datafield>
  <datafield tag="999" ind1=" " ind2=" ">
    <subfield code="c">70996</subfield>
    <subfield code="d">70996</subfield>
  </datafield>
</record>
